| 000 | 00945nam a2200241 a 4500 | ||
|---|---|---|---|
| 001 | 000023141 | ||
| 005 | 20240514195118.0 | ||
| 008 | 101129s1977 ag a 000 0 spa d | ||
| 040 |
_aDO-SdBNP _bspa _cBNPHU |
||
| 082 |
_a338.9 _bL773c |
||
| 100 | 1 |
_aList, Peter C. _947652 |
|
| 240 | 1 | 0 |
_aSocial and economic views on the quality of life. _lEspañol |
| 245 | 1 | 0 |
_aCrecimiento económico y calidad de vida / _cPeter C. List y Ronald O. Clarke ; traducción Leticia Helperin Donghi ; prólogo Jorge A. Pregoraro. |
| 260 |
_aBuenos Aires : _bTroquel, _c1977. |
||
| 300 |
_avii, 214 p. : _bil. ; _c19 cm. |
||
| 534 |
_aTítulo de la obra en inglés : _tSocial and economic views on the quality of life |
||
| 650 | 4 |
_aCrecimiento económico _98530 |
|
| 650 | 0 |
_a Calidad de vida _985379 |
|
| 700 | 1 |
_aClarke, Ronald O. _947653 |
|
| 700 | 1 |
_aHelperin Donghi, Leticia, _etr. _947654 |
|
| 700 | 1 |
_aPregoraro, Jorge A., _epról. _947655 |
|
| 049 | _aBNGR | ||
| 999 |
_c22638 _d22638 |
||